02673nkc a2200385za 450000100060000000300040000600500170001000700070002700800410003404000240007510000410009924500570014026000240019730001000022150002550032150001930057650000650076950001340083450001690096850400520113750500550118951001510124451002100139556101300160561000540173565000340178965100260182365500410184970000600189085200120195085601500196294200250211295201330213799900170227084720OSt20260324164731.0kh boc250410s19101911sp ||||| ||||||0| i|spa d aM-RABAbspacM-RABA1 aElorza, Lorenzod(1861-1931)911106810aZuazo de Cuartangob: Puerta de la Iglesia c/ L. E. c[ca. 1910 – 1911] a1 fotografíab: gelatina de plata c; imagen 12 x 17 cm c; soporte secundario 21,5 x 26,5 cm aVista de la portada de la iglesia parroquial de San Pedro en Zuazo de Cuartango, formada por un arco apuntado con cuatro arquivoltas, trasdós sin decorar y tres columnas a cada lado con basas de garra, fuste liso y baquetones en los intercolumnios. aFotografía montada sobre soporte secundario de cartulina azul enmarcada con orla en relieve. Título y numeración manuscrita que hace referencia a la posición en la serie “165”. aSello con monograma del fotógrafo en tinta roja “L.E.” aFechas tomadas de la ejecución del positivo de las fotografías, incluido el soporte secundario. (Soto Madrazo, Javier. 2008). aForma parte de un conjunto de 167 fotografías empleadas por Federico Baráibar Zumárraga para la elaboración del Inventario del Románico en Álava (1911). aBaraibar, F.: "Rincones artísticos", M. 1914. aZuazo de Cuartango.- Puerta de la Iglesia. / L. E. aDescripción tomada de: Soto Madrazo, Javier (2008). Federico Baraibar y el Inventario del Románico en Álava: una caja con 167 fotografías. aEsta colección fue utilizada posteriormente por Cristóbal de Castro para la elaboración y publicación del "Catálogo Monumental de España: provincia de Álava", Madrid, S. de Rivadeneira, 1915. aDonadas junto con la memoria manuscrita a la Academia por el mismo Baraibar (Sesión 12 de febrero de 1912, Archivo: 4-32-1)27aIglesia de San Pedro (Zuazo de Cuartango)9111659 7aArquitectura románica94492 7aÁlava2embne975661 7aFotografía de arquitectura.9541271 aBaráibar y Zumárraga, Federico d(1851-1918)912926 jFot-274 3Fot-274uhttps://archivoybiblioteca.realacademiabellasartessanfernando.com/cgi-bin/koha/opac-retrieve-file.pl?id=3f887049d82c93868c83410bfd5a462e 2ddccFOTOGRAFÍAn0 00102ddc40708FOTOGRAFIAaRABASFbRABASFcDP2d2025-05-08l0oFot-274p1095606r2025-05-08 11:16:05w2025-05-08yFOTOGRAFÍA c84720d84720